MARC details
| 001 - CONTROL NUMBER |
| control field |
23884441 |
| 003 - CONTROL NUMBER IDENTIFIER |
| control field |
0000 |
| 005 - DATE AND TIME OF LATEST TRANSACTION |
| control field |
20251016102939.0 |
| 007 - PHYSICAL DESCRIPTION FIXED FIELD--GENERAL INFORMATION |
| fixed length control field |
t| |
| 008 - FIXED-LENGTH DATA ELEMENTS--GENERAL INFORMATION |
| fixed length control field |
241003s2025 enka b 000 0 eng c |
| 010 ## - LIBRARY OF CONGRESS CONTROL NUMBER |
| LC control number |
2024046918 |
| 020 ## - INTERNATIONAL STANDARD BOOK NUMBER |
| International Standard Book Number |
9781009526104 |
| 020 ## - INTERNATIONAL STANDARD BOOK NUMBER |
| Cancelled/invalid ISBN |
9781009526142 |
| 040 ## - CATALOGING SOURCE |
| Original cataloging agency |
DNLM/DLC |
| Language of cataloging |
eng |
| Description conventions |
rda |
| Transcribing agency |
DLC |
| Modifying agency |
DLC |
| -- |
DLC-MRC |
| -- |
DLC |
| 042 ## - AUTHENTICATION CODE |
| Authentication code |
pcc |
| 050 00 - LIBRARY OF CONGRESS CALL NUMBER |
| Classification number |
RG 551 .J26 |
| 060 00 - NATIONAL LIBRARY OF MEDICINE CALL NUMBER |
| Classification number |
WQ 235 |
| 082 00 - DEWEY DECIMAL CLASSIFICATION NUMBER |
| Classification number |
618.2/5 |
| -- |
RG696 |
| -- |
RG696 |
| Item number |
.H 2025 |
| Edition number |
23/eng/20241209 |
| 100 1# - MAIN ENTRY--PERSONAL NAME |
| Personal name |
Hamer, Jack |
| Relator term |
author |
| Relator code |
aut |
| -- |
http://id.loc.gov/vocabulary/relators/aut |
| Authority record control number |
http://id.loc.gov/authorities/names/n2024185022 |
| 245 10 - TITLE STATEMENT |
| Title |
Multiple pregnancy / |
| Statement of responsibility, etc |
Jack Hamer, Jennifer Tamblyn, James Castleman, R. Katie Morris. |
| 264 #1 - PUBLICATION, DISTRIBUTION, ETC. (IMPRINT) |
| Place of publication, distribution, etc |
Cambridge, United Kingdom ; |
| -- |
New York, NY : |
| Name of publisher, distributor, etc |
Cambridge University Press, |
| Date of publication, distribution, etc |
2025. |
| 300 ## - PHYSICAL DESCRIPTION |
| Extent |
125 pages |
| Other physical details |
illustrations |
| Dimensions |
24 cm |
| 336 ## - CONTENT TYPE |
| Content type term |
text |
| Content type code |
txt |
| Source |
rdacontent |
| 337 ## - MEDIA TYPE |
| Media type term |
unmediated |
| Media type code |
n |
| Source |
rdamedia |
| 338 ## - CARRIER TYPE |
| Carrier type term |
volume |
| Carrier type code |
nc |
| Source |
rdacarrier |
| 340 ## - PHYSICAL MEDIUM |
| Authority record control number or standard number |
http://id.loc.gov/vocabulary/millus/ill |
| 490 1# - SERIES STATEMENT |
| Series statement |
Elements in high risk pregnancy |
| 500 ## - GENERAL NOTE |
| General note |
Includes bibliographical references. |
| 504 ## - BIBLIOGRAPHY, ETC. NOTE |
| Bibliography, etc |
Includes bibliographical references. (pages 96-125) |
| 520 ## - SUMMARY, ETC. |
| Summary, etc |
"Multiple pregnancy affects 0.9-3.1% of births worldwide. Prevalence rates vary significantly due to differences in dizygotic twinning rates and use of assisted reproduction (AR). Both maternal and fetal/neonatal complications are more common in multiple compared to singleton pregnancies"-- Provided by publisher. |
| 650 #2 - SUBJECT ADDED ENTRY--TOPICAL TERM |
| Topical term or geographic name as entry element |
Pregnancy, Multiple |
| 650 #2 - SUBJECT ADDED ENTRY--TOPICAL TERM |
| Topical term or geographic name as entry element |
Pregnancy Complications |
| General subdivision |
epidemiology |
| 650 #2 - SUBJECT ADDED ENTRY--TOPICAL TERM |
| Topical term or geographic name as entry element |
Prenatal Care |
| General subdivision |
methods |
| 700 1# - ADDED ENTRY--PERSONAL NAME |
| Personal name |
Tamblyn, Jennifer |
| Relator term |
author |
| Relator code |
http://id.loc.gov/vocabulary/relators/aut |
| Authority record control number |
http://id.loc.gov/authorities/names/n2024185023 |
| 700 1# - ADDED ENTRY--PERSONAL NAME |
| Personal name |
Castleman, James |
| Relator term |
author |
| Relator code |
http://id.loc.gov/vocabulary/relators/aut |
| Authority record control number |
http://id.loc.gov/authorities/names/n2024185024 |
| 700 1# - ADDED ENTRY--PERSONAL NAME |
| Personal name |
Morris, R. K. |
| Fuller form of name |
(R. Katie) |
| Relator term |
author |
| Relator code |
http://id.loc.gov/vocabulary/relators/aut |
| Authority record control number |
http://id.loc.gov/authorities/names/nb2017014849 |
| 830 #0 - SERIES ADDED ENTRY--UNIFORM TITLE |
| Uniform title |
Elements in high risk pregnancy |
| 906 ## - LOCAL DATA ELEMENT F, LDF (RLIN) |
| a |
7 |
| b |
cbc |
| c |
orignew |
| d |
1 |
| e |
ecip |
| f |
20 |
| g |
y-gencatlg |
| 942 ## - ADDED ENTRY ELEMENTS (KOHA) |
| Source of classification or shelving scheme |
Library of Congress Classification |
| Koha item type |
Books |